[Event "Oebro CXU International 2024"]
[Site "Copenhagen"]
[Date "2024.07.22"]
[Round "1.1"]
[White "Aczel, Gergely"]
[Black "Simonsen, Carsten"]
[Result "1-0"]
[WhiteElo "2498"]
[BlackElo "2212"]
[WhiteFideId "727709"]
[BlackFideId "1439898"]
[EventDate "2024.07.22"]
[EventType "swiss"]
[EventRounds "9"]
[EventCountry "DEN"]
[SourceTitle "Live v. Obro Skakforening"]

1. d4   Nf6  2. c4   g6  3. g3   c6  4. Bg2   d5  5. Nf3   Bg7  6. O-O   O-O  7. a4   Bf5  8. Nc3   Ne4  9. a5   Nxc3  10. bxc3  10... Be4  11. Qb3   Qc8  12. Ba3   Re8  13. Nd2   Bxg2  14. Kxg2   Na6  15. e4   e6  16. e5   Bf8  17. Bxf8   Rxf8  18. c5   Qc7  19. c4   Rfb8  20. Rfb1  20... Qd8  21. cxd5   exd5  22. Nf3   Nc7  23. Qe3   Ne6  24. h4   h5  25. Ra4   Kg7  26. Ng5   Nxg5  27. Qxg5   Qc7  28. Rab4   Qxa5  29. Qf6+   Kg8  30. Rxb7  30... Rxb7  31. Rxb7  1-0

[Event "Oebro CXU International 2024"]
[Site "Copenhagen"]
[Date "2024.07.22"]
[Round "1.2"]
[White "Buchal, Stephan"]
[Black "Sengupta, Deep"]
[Result "0-1"]
[WhiteElo "2211"]
[BlackElo "2491"]
[WhiteFideId "4603915"]
[BlackFideId "5008352"]
[EventDate "2024.07.22"]
[EventType "swiss"]
[EventRounds "9"]
[EventCountry "DEN"]
[SourceTitle "Live v. Obro Skakforening"]

1. c4   Nf6  2. g3   g6  3. b3   Bg7  4. Bb2   O-O  5. Bg2   d6  6. Nf3   e5  7. O-O   Re8  8. d3   c6  9. Nbd2   a5  10. a3  10... Na6  11. b4   Rb8  12. b5   Nc5  13. a4   Bg4  14. Qc2   cxb5  15. axb5   Rc8  16. Nb3   Nxb3  17. Qxb3   b6  18. Rfe1   Nd7  19. Rad1   Be6  20. Qa2  20... Qe7  21. Nd2   Red8  22. Ne4   f5  23. Nc3   e4  24. dxe4   Bxc4  25. Nd5   Qf7  26. Qa3   fxe4  27. Bxe4   Rf8  28. f4   Bxb2  29. Qxb2   Rc5  30. Ne3  30... Rxb5  31. Qxb5   Bxb5  32. Bd5   Re8  33. Ng4   Qxd5  34. Rxd5   Rxe2  35. Rc1   Rb2  36. Rxd6   a4  37. Ra1   Kf8  38. Ne5   Ke7  39. Rd5   Nc5  40. Re1  40... Kf8  41. Rd8+   Kg7  42. Ra8   Be2  43. Ra7+   Kf6  44. Kf2   Bg4+  45. Ke3   Be6  46. Rd1   Rb3+  47. Ke2   h5  48. Rd8   Kf5  49. Nc6   Kg4  50. Rd4  50... Kh3  51. Rb4   Kxh2  52. Rxb3   axb3  53. Kd2   b2  54. Kc2   Na4  55. Nd4   Ba2  56. Nf3+   Kh3  57. Nd2   b5  58. Ra6   Kxg3  59. Rxg6+   Kxf4  60. Rf6+  60... Kg5  61. Ra6   Bg8  62. Ra5   Bh7+  63. Kb3   Bd3  0-1

[Event "Oebro CXU International 2024"]
[Site "Copenhagen"]
[Date "2024.07.22"]
[Round "1.3"]
[White "Solodovnichenko, Yuri"]
[Black "Christensen, Stefan"]
[Result "1-0"]
[WhiteElo "2481"]
[BlackElo "2210"]
[WhiteFideId "14104369"]
[BlackFideId "1404148"]
[EventDate "2024.07.22"]
[EventType "swiss"]
[EventRounds "9"]
[EventCountry "DEN"]
[SourceTitle "Live v. Obro Skakforening"]

1. e4   e6  2. d4   d5  3. Nc3   Bb4  4. e5   c5  5. Bd2   Ne7  6. a3   Bxc3  7. Bxc3   cxd4  8. Qxd4   Nbc6  9. Qg4   O-O  10. Nf3  10... Nf5  11. O-O-O   Qb6  12. Bd3   Qxf2  13. Qh3   Bd7  14. g4   Nh6  15. Rhf1   Qc5  16. Bd2   Qe7 17. Bxh6   gxh6  18. g5   Nxe5  19. Nxe5   Qxg5+  20. Kb1  20... Qxe5  21. Rde1   Qd4  22. c3   e5  23. Rg1+   Kh8  24. Qg3   Qg4  25. Qxe5+   f6  26. Qe7  1-0

[Event "Oebro CXU International 2024"]
[Site "Copenhagen"]
[Date "2024.07.22"]
[Round "1.4"]
[White "Skonnord, Uno"]
[Black "Rozentalis, Eduardas"]
[Result "0-1"]
[WhiteElo "2209"]
[BlackElo "2480"]
[WhiteFideId "1446800"]
[BlackFideId "12800023"]
[EventDate "2024.07.22"]
[EventType "swiss"]
[EventRounds "9"]
[EventCountry "DEN"]
[SourceTitle "Live v. Obro Skakforening"]

1. e4   e6  2. d4   d5  3. Nd2   c5  4. exd5   exd5  5. Bb5+   Bd7  6. Qe2+   Be7  7. Ngf3   Nf6  8. O-O   O-O  9. dxc5   Bxc5  10. Nb3  10... Bb6  11. Bg5   Re8  12. Qd3   Bxb5  13. Qxb5   Nbd7  14. Nfd4   Qc7  15. h3   Qc4  16. Be3   Qxb5  17. Nxb5   Bxe3  18. fxe3   Rxe3  19. Rad1   Nb6  20. N3d4  20... Re7  21. Nf5   Rd7  22. Nbd4   Na4  23. b3   Nc5  24. Nf3   Re8  25. Rd4   g6  26. Ng3   Nce4  27. Ne2   Rc7  28. Rb4   Rxc2  29. Ned4   Rxa2  30. Rxb7  30... Ng3  31. Rd1   Nfh5  32. Rc7   Nf4  33. Rc2   Rxc2  34. Nxc2   Nf5  35. Re1   Rb8  36. Rb1   Ne2+  37. Kf1   Nc3  38. Rb2   a5  39. Nfd4   Nxd4  40. Nxd4  40... a4  41. b4   a3  42. Rb3   a2  43. Nc2   d4  44. Na1   Rc8  45. Rb2   Ne4  46. Rxa2   Rc1+  0-1

[Event "Oebro CXU International 2024"]
[Site "Copenhagen"]
[Date "2024.07.22"]
[Round "1.5"]
[White "Colbow, Collin"]
[Black "Hammari, Vinjar"]
[Result "1-0"]
[WhiteElo "2413"]
[BlackElo "2203"]
[WhiteFideId "16201132"]
[BlackFideId "1552007"]
[EventDate "2024.07.22"]
[EventType "swiss"]
[EventRounds "9"]
[EventCountry "DEN"]
[SourceTitle "Live v. Obro Skakforening"]

1. e4   e5  2. Nf3   Nc6  3. Bc4   Nf6  4. d3   h6  5. O-O   d6  6. a4   g6  7. a5   a6  8. Nc3   Bg7  9. h3   g5  10. d4  10... g4  11. dxe5   gxf3  12. exf6   fxg2  13. fxg7   gxf1=Q+  14. Kxf1   Bxh3+  15. Ke1   Rg8  16. Bxf7+   Kd7  17. Qh5   Rxg7  18. Qxh3+   Ke7  19. Qe6+  1-0

[Event "Oebro CXU International 2024"]
[Site "Copenhagen"]
[Date "2024.07.22"]
[Round "1.6"]
[White "Steffens, Olaf"]
[Black "Hector, Jonny"]
[Result "0-1"]
[WhiteElo "2192"]
[BlackElo "2410"]
[WhiteFideId "4630564"]
[BlackFideId "1700090"]
[EventDate "2024.07.22"]
[EventType "swiss"]
[EventRounds "9"]
[EventCountry "DEN"]
[SourceTitle "Live v. Obro Skakforening"]

1. b4   e5  2. a3   d5  3. Bb2   Nd7  4. e3   Ngf6  5. c4   Be7  6. Nf3   e4  7. Nd4   O-O  8. g4   Ne5  9. g5   Ne8  10. cxd5  10... Bg4  11. Qb3   Bxg5  12. Nc3   Nd6  13. Be2   Bxe2  14. Kxe2   Qf6  15. Rag1   Rfe8  16. h4   Bxh4  17. Nxe4   Nxe4  18. f4   Ng3+  19. Kd1   Nxh1  20. Rxh1  20... Ng6  21. f5   Ne5  22. e4   Qg5  23. Qh3   Qg4+  24. Qxg4   Nxg4  25. Rxh4   Rxe4  26. Kc1   Nf2  27. Rxe4   Nxe4  28. d3   Nf6  29. d6   cxd6  30. Nb5  30... Ne8  0-1

[Event "Oebro CXU International 2024"]
[Site "Copenhagen"]
[Date "2024.07.22"]
[Round "1.7"]
[White "Haubro, Martin"]
[Black "Kush, Bhagat"]
[Result "1-0"]
[WhiteElo "2400"]
[BlackElo "2188"]
[WhiteFideId "1414291"]
[BlackFideId "46672940"]
[EventDate "2024.07.22"]
[EventType "swiss"]
[EventRounds "9"]
[EventCountry "DEN"]
[SourceTitle "Live v. Obro Skakforening"]

1. e4   c5  2. Nf3   d6  3. d4   cxd4  4. Nxd4   Nf6  5. Nc3   Nc6  6. Bg5   e6  7. Qd2   a6  8. O-O-O   Bd7  9. Kb1   Be7  10. f3  10... b5  11. Nxc6   Bxc6  12. h4   O-O  13. g4   Rc8  14. Bd3   Nd7  15. a3   Nb6  16. Qf2   Rb8  17. Ka1   d5  18. exd5   Nxd5  19. Nxd5   Bxd5  20. Qe3  20... Qc7  21. Bxe7   Qxe7  22. Bxh7+   Kxh7  23. Rxd5   Qc7  24. Rh5+   Kg8  25. Qe4   g6  26. Rh6   Kg7  27. g5   Qg3  28. f4  1-0

[Event "Oebro CXU International 2024"]
[Site "Copenhagen"]
[Date "2024.07.22"]
[Round "1.8"]
[White "Weidenhoefer, Max"]
[Black "Heimisson, Hilmir Freyr"]
[Result "0-1"]
[WhiteElo "2186"]
[BlackElo "2392"]
[WhiteFideId "16230566"]
[BlackFideId "2309998"]
[EventDate "2024.07.22"]
[EventType "swiss"]
[EventRounds "9"]
[EventCountry "DEN"]
[SourceTitle "Live v. Obro Skakforening"]

1. e4   c5  2. Nf3   d6  3. d4   cxd4  4. Nxd4   Nf6  5. Nc3   Nc6  6. f3   e5  7. Nb3   Be6  8. Be3   Be7  9. Nd5   O-O  10. Qd2  10... a5  11. Bb6   Qb8  12. c4   a4  13. Nc1   Nd7  14. Be3   Bh4+  15. g3   Bd8  16. Ne2   a3  17. b3   Ba5  18. Nec3   Nd4  19. Bxd4   exd4  20. Qxd4  20... Bxd5  21. exd5   Qa7  22. Qd2   Rfe8+  23. Kd1   Re3  24. Rc1   Rae8  25. Bd3   g6  26. Bb1   Ne5  27. Be4   f5  28. f4   Rxe4  0-1

[Event "Oebro CXU International 2024"]
[Site "Copenhagen"]
[Date "2024.07.22"]
[Round "1.9"]
[White "Egresi, Mate"]
[Black "Jakhari, Ansh"]
[Result "1-0"]
[WhiteElo "2377"]
[BlackElo "2182"]
[WhiteFideId "738506"]
[BlackFideId "1066005"]
[EventDate "2024.07.22"]
[EventType "swiss"]
[EventRounds "9"]
[EventCountry "DEN"]
[SourceTitle "Live v. Obro Skakforening"]

1. e4   c5  2. Nf3   d6  3. Bb5+   Bd7  4. Bxd7+   Qxd7  5. O-O   Nc6  6. c3   Nf6  7. Re1   e6  8. d4   cxd4  9. cxd4   d5  10. e5  10... Ne4  11. a3   Be7  12. Nbd2   Nxd2  13. Bxd2   O-O  14. Rc1   h6  15. Rc3   b5  16. Rd3   Bd8  17. h4   Ba5  18. Nh2   Qe7  19. b4   Bb6  20. Bxh6  20... gxh6  21. Ng4   f5  22. exf6   Qh7  23. Rxe6   Nxd4  24. Rxd4   Bxd4  25. Qxd4   Rf7  26. Qxd5  1-0

[Event "Oebro CXU International 2024"]
[Site "Copenhagen"]
[Date "2024.07.22"]
[Round "1.10"]
[White "Andersen, Morten"]
[Black "Kistrup, Nicolai"]
[Result "1/2-1/2"]
[WhiteElo "2176"]
[BlackElo "2367"]
[BlackFideId "1444816"]
[EventDate "2024.07.22"]
[EventType "swiss"]
[EventRounds "9"]
[EventCountry "DEN"]
[SourceTitle "Live v. Obro Skakforening"]

1. Nf3   d5  2. e3   Nf6  3. c4   e6  4. d4   b6  5. Bd3   Bb7  6. O-O   Bd6  7. b3   O-O  8. Bb2   Nbd7  9. Nbd2   Qe7  10. Ne5  10... c5  11. Qe2   Rfd8  12. Rad1   Rac8  13. e4   cxd4  14. Nxd7   Nxd7  15. exd5   exd5  16. Qxe7   Bxe7  17. Bxd4   Bf6  18. Bxf6   Nxf6  19. Bf5   Rc6  20. Ne4  20... g6  21. Nxf6+   Rxf6  22. Be4   Rfd6  23. Bf3   Bc6  24. cxd5   Bxd5  25. Be2   Kg7  26. f3   Be6  27. Kf2   Kf6  28. Rxd6   Rxd6  29. Rd1   Rxd1  30. Bxd1  30... Ke5  31. Ke3   g5  32. g3   Bf5  1/2-1/2

[Event "Oebro CXU International 2024"]
[Site "Copenhagen"]
[Date "2024.07.22"]
[Round "1.11"]
[White "Nielsen, Viktor Haarmark"]
[Black "Johansson, Thomas"]
[Result "0-1"]
[WhiteElo "2364"]
[BlackElo "2172"]
[WhiteFideId "1444492"]
[EventDate "2024.07.22"]
[EventType "swiss"]
[EventRounds "9"]
[EventCountry "DEN"]
[SourceTitle "Live v. Obro Skakforening"]

1. Nf3   Nf6  2. d4   d5  3. c4   e6  4. g3   Be7  5. Bg2   O-O  6. Nc3   Ne4  7. O-O   f5  8. Ne5   c6  9. Qb3   Kh8  10. f3  10... Nf6  11. Be3   Nbd7  12. Nd3   Bd6  13. Rad1   dxc4  14. Qxc4   Nb6  15. Qb3   Nfd5  16. Bf2   f4  17. Ne4   Bc7  18. gxf4   Nxf4  19. Nxf4   Bxf4  20. e3  20... Bc7  21. f4   Nd5  22. Qc2   h6  23. Kh1   Bd7  24. Nc5   Rb8  25. Bh3   Qe7  26. Qg6   Rf6  27. Qe4   Be8  28. Bh4   g5  29. fxg5   Bg6  30. Qg4  30... Rxf1+  31. Rxf1   Nxe3  32. gxh6   Qd6  33. Bf6+   Kh7  34. Be5   Qd5+  35. Qf3   Bxe5  36. Qxd5   exd5  37. dxe5   Nxf1  38. Bxf1   Bf5  39. e6   Rg8  40. h4  40... Kxh6  41. Nxb7   Bxe6  0-1

[Event "Oebro CXU International 2024"]
[Site "Copenhagen"]
[Date "2024.07.22"]
[Round "1.12"]
[White "Wahlgreen, Noah Krug"]
[Black "Ramsdal, Jens Albert"]
[Result "0-1"]
[WhiteElo "2169"]
[BlackElo "2351"]
[WhiteFideId "1457349"]
[BlackFideId "1429221"]
[EventDate "2024.07.22"]
[EventType "swiss"]
[EventRounds "9"]
[EventCountry "DEN"]
[SourceTitle "Live v. Obro Skakforening"]

1. d4   e6  2. Nf3   Nf6  3. Bf4   b6  4. e3   Bb7  5. Nbd2   d6  6. c3   Nbd7  7. h3   Be7  8. Bd3   O-O  9. O-O   c5  10. Bh2  10... cxd4  11. exd4   Nd5  12. Re1   N7f6  13. a4   a5  14. Nc4   Qd7  15. Qd2   Bc6  16. Bc2   Rfc8  17. Ng5   Rab8  18. Ne4   Nxe4  19. Bxe4   Bf8  20. Bc2  20... Nf6  21. Qe2   Bxg2  22. Nxd6   Bxd6  23. Bxd6   Qxd6  24. Kxg2   Qd5+  25. Kh2   b5  26. axb5   Rxb5  27. Ra4   Qd6+  28. Kh1   Rxb2  29. Rxa5   Qc6+  30. Kg1  30... Qxc3  0-1

[Event "Oebro CXU International 2024"]
[Site "Copenhagen"]
[Date "2024.07.22"]
[Round "1.13"]
[White "Shivakumar, Shawnak"]
[Black "Meskenas, Paulius"]
[Result "1/2-1/2"]
[WhiteElo "2323"]
[BlackElo "2168"]
[WhiteFideId "30940192"]
[BlackFideId "12809969"]
[EventDate "2024.07.22"]
[EventType "swiss"]
[EventRounds "9"]
[EventCountry "DEN"]
[SourceTitle "Live v. Obro Skakforening"]

1. Nf3   Nf6  2. c4   c5  3. Nc3   Nc6  4. e3   d5  5. cxd5   Nxd5  6. Bb5   Nxc3  7. bxc3   Bd7  8. a4   e5  9. e4   Qf6  10. O-O  10... Bg4  11. Rb1   Bxf3  12. Qxf3   Qxf3  13. gxf3   O-O-O  14. d3   Bd6  15. Bxc6   bxc6  16. c4   Kc7  17. Bd2   Rb8  18. Kg2   Kd7  19. Kg3   Ke7  20. a5  20... Bc7  21. Be3   Bxa5  22. Bxc5+   Ke6  23. Bxa7   Rxb1  24. Rxb1   Rd8  25. Rb3   f5  26. Bb6   Bxb6  27. Rxb6   Rxd3  28. Rxc6+   Kd7  29. Ra6   fxe4  30. Ra7+  30... Ke6  31. Rxg7   Rxf3+  32. Kg2   Rc3  33. Rxh7   Rxc4  34. Rg7   e3  35. fxe3   Rc2+  36. Kg1   Rc1+  37. Kg2   Rc2+  38. Kh1   Kf5  39. Rg3   Rb2  40. Kg1  40... Rb1+  41. Kg2   Rb2+  42. Kh1   Rc2  43. h3   Rc1+  44. Kg2   Rc2+  45. Kf1   Ke4  46. Kg1   Rc1+  47. Kf2  1/2-1/2

[Event "Oebro CXU International 2024"]
[Site "Copenhagen"]
[Date "2024.07.22"]
[Round "1.14"]
[White "Petersen, Peter Birk"]
[Black "Gomez Aguirre, Juan Alberto"]
[Result "1/2-1/2"]
[WhiteElo "2156"]
[BlackElo "2322"]
[WhiteFideId "1401696"]
[BlackFideId "54587867"]
[EventDate "2024.07.22"]
[EventType "swiss"]
[EventRounds "9"]
[EventCountry "DEN"]
[SourceTitle "Live v. Obro Skakforening"]

1. e4   c5  2. Nf3   Nc6  3. d4   cxd4  4. Nxd4   Nf6  5. Nc3   e6  6. Nxc6   bxc6  7. e5   Nd5  8. Ne4   Qc7  9. f4   Qb6  10. c4  10... Bb4+  11. Ke2   f5  12. exf6   Nxf6  13. Be3   Qa5  14. Nxf6+   gxf6  15. Kf2   Kd8  16. Be2   Bc5  17. Qd3   Qb6  18. Rhd1   Bxe3+  19. Qxe3   Qxe3+  20. Kxe3  20... c5  21. Bf3   Rb8  22. Rd2   Kc7  23. Rad1   Rb4  24. b3   a5  25. Rd3   Re8  26. Kf2   Rd8  27. g4   h6  28. h4   Rg8  29. Rg1   Ba6  30. Re3  30... Rbb8  31. Be4   Rbf8  32. Reg3   a4  33. Ke3   Rb8  34. Bc2   d5  35. g5   axb3  36. axb3   hxg5  37. hxg5   dxc4  38. bxc4   Bxc4  39. gxf6   Rxg3+  40. Rxg3  40... Rf8  41. Rg7+   Kd6  42. Ba4   e5  43. Rd7+   Ke6  44. Re7+   Kxf6  45. Rxe5   Rc8  46. Bc2   Bb5  47. Rf5+   Ke6  48. Rh5   Kd6  49. Be4   Bc4  50. Rh6+  50... Ke7  1/2-1/2

[Event "Oebro CXU International 2024"]
[Site "Copenhagen"]
[Date "2024.07.22"]
[Round "1.15"]
[White "Falkesgaard, Jeppe Hald"]
[Black "Jain, Sachi"]
[Result "1/2-1/2"]
[WhiteElo "2321"]
[BlackElo "2140"]
[WhiteFideId "1464981"]
[BlackFideId "25974050"]
[EventDate "2024.07.22"]
[EventType "swiss"]
[EventRounds "9"]
[EventCountry "DEN"]
[SourceTitle "Live v. Obro Skakforening"]

1. d4   d5  2. c4   e6  3. Nc3   Be7  4. Bf4   Nf6  5. e3   O-O  6. Nf3   b6  7. cxd5   Nxd5  8. Nxd5   exd5  9. Bd3   c5  10. O-O  10... Nc6  11. Rc1   Be6  12. a3   c4  13. Bb1   b5  14. Ne5   Nxe5  15. dxe5   Qd7  16. Qf3   Rfd8  17. h3   b4  18. axb4   Rab8  19. Rfd1   Rxb4  20. Qh5  20... g6  21. Qh6   Rxb2  22. Bg5   Bxg5  23. Qxg5   Rdb8  24. Be4   Qb5  25. Bc2   Qb6  26. h4   Qd8  27. Qh6   Qf8  28. Qg5   Qd8  29. Qh6   Qf8  30. Qg5  1/2-1/2

[Event "Oebro CXU International 2024"]
[Site "Copenhagen"]
[Date "2024.07.22"]
[Round "1.16"]
[White "Brorsen, Jacob Abildlund"]
[Black "Liu, Casper Yukun"]
[Result "0-1"]
[WhiteElo "2133"]
[BlackElo "2316"]
[WhiteFideId "1411233"]
[EventDate "2024.07.22"]
[EventType "swiss"]
[EventRounds "9"]
[EventCountry "DEN"]
[SourceTitle "Live v. Obro Skakforening"]

1. d4   d5  2. Nf3   Nf6  3. c4   dxc4  4. Qa4+   Nbd7  5. Qxc4   g6  6. Ng5   e6  7. Nc3   Nb6  8. Qd3   c5  9. dxc5   Qxd3  10. exd3  10... Bxc5  11. Nge4   Be7  12. Bh6   Ng4  13. Bg7   Rg8  14. Bd4   f5  15. h3   Nh6  16. Nf6+   Bxf6  17. Bxf6   Nd7  18. Bg5   Nf7  19. Be3   Nf6  20. Nb5  20... Nd5  21. Rc1   Kd8  22. Bd2   Bd7  23. Nd4   e5  24. Nb3   b6  25. Be2   Ke7  26. Bf3   Kd6  27. O-O   Bb5  28. Bxd5   Kxd5  29. Rc7   Ke6  30. Re1  30... Bxd3  31. Rec1   Be4  32. Bb4   a5  33. Ba3   Rgd8  34. Re7+   Kf6  35. Rcc7   Rd1+  36. Kh2   Bd5  37. Nc1   b5  38. b3   b4  39. Rcd7   Rd8  40. Bb2  40... Rxd7  41. Rxd7   Ke6  42. Ra7   Rd2  43. Ba1   Rxf2  0-1

[Event "Oebro CXU International 2024"]
[Site "Copenhagen"]
[Date "2024.07.22"]
[Round "1.17"]
[White "Thogersen, Rasmus"]
[Black "Koduri, Advaitt Srikant"]
[Result "1-0"]
[WhiteElo "2309"]
[BlackElo "2114"]
[WhiteFideId "1431412"]
[BlackFideId "25185454"]
[EventDate "2024.07.22"]
[EventType "swiss"]
[EventRounds "9"]
[EventCountry "DEN"]
[SourceTitle "Live v. Obro Skakforening"]

1. e4   c5  2. Nc3   d6  3. d4   cxd4  4. Qxd4   Nc6  5. Qd2   Nf6  6. b3   g6  7. Bb2   Bg7  8. O-O-O   O-O  9. f3   a6  10. g4  10... Be6  11. Nge2   b5  12. h4   Ne5  13. Nd4   Bd7  14. h5   Rc8  15. Kb1   b4  16. Nd5   Nxd5  17. exd5   Qb6  18. Be2   Rc5  19. f4   Nxg4  20. Bxg4  20... Bxg4  21. Rdg1   Rxd5  22. Rxg4   Rxd4  23. hxg6   hxg6  24. Qh2   Rb8  25. f5   e5  26. Bxd4   exd4  27. fxg6   f6  28. Rh4  1-0

[Event "Oebro CXU International 2024"]
[Site "Copenhagen"]
[Date "2024.07.22"]
[Round "1.18"]
[White "Bazilius, Augustinas"]
[Black "Ravi, Rakshitta"]
[Result "0-1"]
[WhiteElo "2096"]
[BlackElo "2308"]
[WhiteFideId "12832251"]
[BlackFideId "25073230"]
[EventDate "2024.07.22"]
[EventType "swiss"]
[EventRounds "9"]
[EventCountry "DEN"]
[SourceTitle "Live v. Obro Skakforening"]

1. d4   Nf6  2. c4   Nc6  3. Nc3   e5  4. d5   Ne7  5. e4   Ng6  6. h4   h5  7. Bg5   Bc5  8. Nge2   d6  9. g3   Ne7  10. b4  10... Bb6  11. Qb3   a6  12. Bxf6   gxf6  13. Bg2   Bd7  14. Rd1   a5  15. a3   f5  16. c5   dxc5  17. d6   cxd6  18. Rxd6   Qc7  19. bxc5   Bxc5  20. Nb5  20... Bxf2+  21. Kxf2   Qc5+  22. Ke1   Bxb5  23. Rf6   Bc4  24. Qxb7   Rd8  25. Qb2   Rg8  26. Bf3   Qe3  27. Bxh5   Rxg3  28. Qxe5   Rg2  29. Qb2   Qf2#  0-1

[Event "Oebro CXU International 2024"]
[Site "Copenhagen"]
[Date "2024.07.22"]
[Round "1.19"]
[White "Sriram, Jha"]
[Black "Thuesen, Mogens Henrik"]
[Result "0-1"]
[WhiteElo "2304"]
[BlackElo "2095"]
[WhiteFideId "5001668"]
[EventDate "2024.07.22"]
[EventType "swiss"]
[EventRounds "9"]
[EventCountry "DEN"]
[SourceTitle "Live v. Obro Skakforening"]

1. d4   f5  2. Nc3   Nf6  3. Bg5   d5  4. Bxf6   exf6  5. e3   Be6  6. Bd3   Nc6  7. Qf3   Qd7  8. Nge2   Nb4  9. Nf4   Nxd3+  10. Nxd3  10... c6  11. h3   Bd6  12. Ne2   h5  13. h4   O-O-O  14. O-O-O   f4  15. exf4   Bg4  16. Qe3   Rde8  17. Ne5   fxe5  18. fxe5   Bxe2  19. Qxe2   Qf5  20. Rd3  20... Bc7  21. g3   g5  22. Rf3   Qg4  23. Qe3   Bd8  24. Kb1   gxh4  25. gxh4   Bxh4  26. Rf7   Re7  27. f3   Qg6  28. Rxe7   Bxe7  29. Rg1   Qf5  30. Rg7  30... Bf8  31. Rg2   h4  32. a4   h3  33. Rh2   Bh6  34. Qa3   Bf4  35. Rh1   h2  36. Qe7   Qf8  37. Qe6+   Kb8  38. Qd7   Rg8  39. e6   Rg7  40. e7  40... Rxe7  41. Qg4   Rg7  0-1

[Event "Oebro CXU International 2024"]
[Site "Copenhagen"]
[Date "2024.07.22"]
[Round "1.20"]
[White "Skou, Niels"]
[Black "Rakhmangulova, Anastasiya"]
[Result "0-1"]
[WhiteElo "2085"]
[BlackElo "2295"]
[WhiteFideId "1413155"]
[BlackFideId "14117479"]
[EventDate "2024.07.22"]
[EventType "swiss"]
[EventRounds "9"]
[EventCountry "DEN"]
[SourceTitle "Live v. Obro Skakforening"]

1. d4   Nf6  2. c4   g6  3. Nc3   Bg7  4. e4   d6  5. Nf3   O-O  6. Be2   Nbd7  7. O-O   e5  8. Be3   c6  9. d5   c5  10. Nd2  10... Kh8  11. Kh1   Ng8  12. g4   Bh6  13. Qe1   Bf4  14. Rg1   a6  15. a3   h6  16. b4   b6  17. Rb1   Ngf6  18. Qf1   Kg7  19. Qg2   Rh8  20. Nf1  20... Nf8  21. Bxf4   exf4  22. g5   N6d7  23. bxc5   bxc5  24. Qg4   hxg5  25. Qxg5   Qxg5  26. Rxg5   Rh3  27. Rb3   f3  28. Bd1   Ne5  29. Ne3   Nh7  30. Rg3  30... Nf6  31. Kg1   Nh5  32. Rxh3   Bxh3  33. Nb1   Nf4  34. Nd2   Ne2+  35. Bxe2   fxe2  36. Nc2   Bd7  37. Ne1   Rh8  38. f3   g5  39. Rb6   Rh6  40. Rxa6  40... Rf6  41. Rb6   g4  42. fxg4   Bxg4  43. Rb3   Nxc4  44. Rg3   Nxd2  45. Rxg4+   Kf8  46. Nc2   Rf1+  47. Kg2   e1=Q  48. Nxe1   Rxe1  0-1

[Event "Oebro CXU International 2024"]
[Site "Copenhagen"]
[Date "2024.07.23"]
[Round "2.1"]
[White "Ravi, Rakshitta"]
[Black "Aczel, Gergely"]
[Result "1-0"]
[WhiteElo "2308"]
[BlackElo "2498"]
[WhiteFideId "25073230"]
[BlackFideId "727709"]
[EventDate "2024.07.22"]
[EventType "swiss"]
[EventRounds "9"]
[EventCountry "DEN"]
[SourceTitle "Live v. Obro Skakforening"]

1. e4   g6  2. d4   Bg7  3. Nc3   d6  4. Nf3   Nf6  5. h3   O-O  6. Be3   a6  7. a4   Nc6  8. Be2   a5  9. Qd2   Nb4  10. O-O  10... e5  11. Rfd1   exd4  12. Nxd4   Re8  13. Bg5   c6  14. Bc4   Qc7  15. Re1   Nd7  16. Bh6   Ne5  17. Bb3 Qb6  18. Be3   Qd8  19. f4   Nd7  20. Nf3  20... Nf8  21. Ng5   Ne6  22. f5   Nxg5  23. Bxg5   Bf6  24. fxg6   Rf8  25. Bxf7+   Kh8  26. Rf1   Bxg5  27. Qd4+   Bf6  28. Rxf6   Nxc2  29. Qf2   Nxa1  30. Rf4  30... hxg6  31. Qd4+   Kh7  32. e5   dxe5  33. Rh4+   Qxh4  34. Qxh4+   Kg7  35. Bc4   Bf5  36. g4   Bc2  37. Qe7+   Kh6  38. Be2   g5  39. Qd6+   Bg6  40. Bd3  40... Rg8  41. Bxg6   Rxg6  42. Qd1   e4  43. Nxe4   Re8  44. Nd6   Rf8  45. Nf5+   Rxf5  46. gxf5   Rf6  47. Qxa1   Rxf5  48. Qe1   Kg6  49. Qe8+   Kf6  50. Qd7  50... Rf3  51. Qxb7  1-0